000 00864nam a2200253Ia 4500
003 OSt
005 20221005113155.0
006 a|||||r|||| 00| 0
007 ta
008 221004b |||||||| |||| 00| 0 pan d
020 _a8175991569 (hbk)
_c80
024 _a93856
037 _b72877, 31/12/2008, Arsee Publishers
_cTextual
040 _aCRL
_cCRL
_bpan
041 _2pan
_apan
082 _aO153,1NMORx, P4
100 _aਮੋਰਾਂਵਾਲੀ, ਗਿੱਲ
245 0 _aਮੌਸਮ ਦਾ ਸੰਤਾਪ
260 _aਨਵੀ੍ਵ
_bਦਿੱਲੀ ਨਵਯੁਗ ਭਾਰਤ
_c2004
300 _a112ਪੰ
_ccm.
650 _aਪੰਜਾਬੀ ਸਾਹਿਤ
942 _hO153,1NMORx, P4
_cTEXL
_2cc
999 _c1027287
_d1027287